<?xml version="1.0" encoding="UTF-8"?>
<record
    xmlns:xsi="http://www.w3.org/2001/XMLSchema-instance"
    xsi:schemaLocation="http://www.loc.gov/MARC21/slim http://www.loc.gov/standards/marcxml/schema/MARC21slim.xsd"
    xmlns="http://www.loc.gov/MARC21/slim">

  <leader>01558nam2a2200277   4500</leader>
  <controlfield tag="001">RU\NLR\BIBL_A\012013993</controlfield>
  <controlfield tag="005">20230705143007.0</controlfield>
  <datafield tag="010" ind1=" " ind2=" ">
    <subfield code="a">978-5-9710-6193-9</subfield>
  </datafield>
  <datafield tag="021" ind1=" " ind2=" ">
    <subfield code="a">RU</subfield>
    <subfield code="b">&#x41A;&#x41D;-&#x41F;-19-028762</subfield>
    <subfield code="9">&#x41A;&#x41D;-&#x41F;-19-2166</subfield>
  </datafield>
  <datafield tag="035" ind1=" " ind2=" ">
    <subfield code="a">(NLR Aleph) 012013993</subfield>
  </datafield>
  <datafield tag="090" ind1=" " ind2=" ">
    <subfield code="a">11464308</subfield>
    <subfield code="c">11464308</subfield>
  </datafield>
  <datafield tag="100" ind1=" " ind2=" ">
    <subfield code="a">20190517d2019    u  y0rusy50      ca</subfield>
  </datafield>
  <datafield tag="101" ind1="0" ind2=" ">
    <subfield code="a">rus</subfield>
  </datafield>
  <datafield tag="102" ind1=" " ind2=" ">
    <subfield code="a">RU</subfield>
  </datafield>
  <datafield tag="105" ind1=" " ind2=" ">
    <subfield code="a">ac  z   000zy</subfield>
  </datafield>
  <datafield tag="200" ind1="1" ind2=" ">
    <subfield code="a">&#x415;&#x441;&#x442;&#x435;&#x441;&#x442;&#x432;&#x435;&#x43D;&#x43D;&#x43E;-&#x43D;&#x430;&#x443;&#x447;&#x43D;&#x44B;&#x439; &#x43F;&#x440;&#x43E;&#x435;&#x43A;&#x442;</subfield>
  </datafield>
  <datafield tag="210" ind1=" " ind2=" ">
    <subfield code="d">2019</subfield>
  </datafield>
  <datafield tag="215" ind1=" " ind2=" ">
    <subfield code="a">549 &#x441;.</subfield>
    <subfield code="c">&#x438;&#x43B;., &#x43F;&#x43E;&#x440;&#x442;&#x440;., &#x442;&#x430;&#x431;&#x43B;.</subfield>
  </datafield>
  <datafield tag="320" ind1=" " ind2=" ">
    <subfield code="a">&#x411;&#x438;&#x431;&#x43B;&#x438;&#x43E;&#x433;&#x440;. &#x432; &#x43F;&#x43E;&#x434;&#x441;&#x442;&#x440;&#x43E;&#x447;. &#x43F;&#x440;&#x438;&#x43C;&#x435;&#x447;.</subfield>
  </datafield>
  <datafield tag="461" ind1=" " ind2="0">
    <subfield code="1">001RU\NLR\BIBL_A\012010983</subfield>
    <subfield code="1">2001#$aR-&#x444;&#x438;&#x437;&#x438;&#x43A;&#x430;$e&#x43F;&#x440;&#x43E;&#x435;&#x43A;&#x442; &#x444;&#x438;&#x437;&#x438;&#x43A;&#x438; &#x43D;&#x435;&#x43E;&#x440;&#x433;&#x430;&#x43D;&#x438;&#x447;&#x435;&#x441;&#x43A;&#x43E;&#x439; &#x438; &#x43E;&#x440;&#x433;&#x430;&#x43D;&#x438;&#x447;&#x435;&#x441;&#x43A;&#x43E;&#x439; &#x43F;&#x440;&#x438;&#x440;&#x43E;&#x434;&#x44B; ("&#x431;&#x43E;&#x43B;&#x44C;&#x448;&#x43E;&#x439; &#x444;&#x438;&#x437;&#x438;&#x43A;&#x438;") &#x43D;&#x430; &#x43E;&#x441;&#x43D;&#x43E;&#x432;&#x435; &#x440;&#x435;&#x43B;&#x44F;&#x442;&#x438;&#x432;&#x438;&#x441;&#x442;&#x441;&#x43A;&#x43E;&#x439; &#x442;&#x435;&#x43E;&#x440;&#x438;&#x438; &#x43A;&#x43E;&#x43B;&#x438;&#x447;&#x435;&#x441;&#x442;&#x432;&#x430;$f&#x412;.&#x418;. &#x41C;&#x43E;&#x438;&#x441;&#x435;&#x435;&#x432;$v&#x422;. 1</subfield>
    <subfield code="1">700#1$a&#x41C;&#x43E;&#x438;&#x441;&#x435;&#x435;&#x432;$b&#x412;. &#x418;.$c&#x434;-&#x440; &#x444;&#x438;&#x43B;&#x43E;&#x441;. &#x43D;&#x430;&#x443;&#x43A;$f1965-$g&#x412;&#x44F;&#x447;&#x435;&#x441;&#x43B;&#x430;&#x432; &#x418;&#x432;&#x430;&#x43D;&#x43E;&#x432;&#x438;&#x447;$3RU\NLR\AUTH\7792323</subfield>
    <subfield code="9">11451031</subfield>
    <subfield code="a">&#x41C;&#x43E;&#x438;&#x441;&#x435;&#x435;&#x432;, &#x412;. &#x418;. (&#x434;-&#x440; &#x444;&#x438;&#x43B;&#x43E;&#x441;. &#x43D;&#x430;&#x443;&#x43A; ; 1965-)</subfield>
    <subfield code="c">&#x41C;&#x43E;&#x441;&#x43A;&#x432;&#x430;</subfield>
    <subfield code="d">2019</subfield>
    <subfield code="f">&#x412;.&#x418;. &#x41C;&#x43E;&#x438;&#x441;&#x435;&#x435;&#x432;</subfield>
    <subfield code="n">URSS</subfield>
    <subfield code="o">&#x43F;&#x440;&#x43E;&#x435;&#x43A;&#x442; &#x444;&#x438;&#x437;&#x438;&#x43A;&#x438; &#x43D;&#x435;&#x43E;&#x440;&#x433;&#x430;&#x43D;&#x438;&#x447;&#x435;&#x441;&#x43A;&#x43E;&#x439; &#x438; &#x43E;&#x440;&#x433;&#x430;&#x43D;&#x438;&#x447;&#x435;&#x441;&#x43A;&#x43E;&#x439; &#x43F;&#x440;&#x438;&#x440;&#x43E;&#x434;&#x44B; ("&#x431;&#x43E;&#x43B;&#x44C;&#x448;&#x43E;&#x439; &#x444;&#x438;&#x437;&#x438;&#x43A;&#x438;") &#x43D;&#x430; &#x43E;&#x441;&#x43D;&#x43E;&#x432;&#x435; &#x440;&#x435;&#x43B;&#x44F;&#x442;&#x438;&#x432;&#x438;&#x441;&#x442;&#x441;&#x43A;&#x43E;&#x439; &#x442;&#x435;&#x43E;&#x440;&#x438;&#x438; &#x43A;&#x43E;&#x43B;&#x438;&#x447;&#x435;&#x441;&#x442;&#x432;&#x430;</subfield>
    <subfield code="t">R-&#x444;&#x438;&#x437;&#x438;&#x43A;&#x430;</subfield>
    <subfield code="v">&#x422;. 1</subfield>
  </datafield>
  <datafield tag="852" ind1=" " ind2=" ">
    <subfield code="a">NLR</subfield>
    <subfield code="j">2019-5/3314</subfield>
  </datafield>
  <datafield tag="942" ind1=" " ind2=" ">
    <subfield code="c">BOOK</subfield>
  </datafield>
  <datafield tag="980" ind1=" " ind2=" ">
    <subfield code="a">NBR</subfield>
  </datafield>
  <datafield tag="980" ind1=" " ind2=" ">
    <subfield code="a">NB</subfield>
  </datafield>
</record>
